000 00965nam0a22002651 4500
001 rc\4512217
005 20260406074746.0
021 _aRU
_b[59-42735]
035 _a(NLR Aleph) 008347473
090 _a8916142
_c8916142
100 _a20130416d1959 |||y0rusy50 ca
101 1 _arus
_carm
102 _aRU
105 _ay z |||a|
200 1 _aРозовые камни
_eСтихи
_eПер. с арм.
210 _aМосква
_cСов. писатель
_d1959
215 _a171 с.
_d13
327 0 _aЦиклы: Это моя земля; Песня о трудной любви
464 0 _12001#$aЭто моя земля$aПесня о трудной любви
_tПесня о трудной любви
700 1 _4070
_8rus
_7ca
_aКапутикян
_bС. Б.
_gСильва Барунаковна
_f1919-2006
_3RU\NLR\AUTH\7735585
_918582
801 0 _aRU
_bNLR
_gpsbo
801 1 _aRU
_bELAR
_2rusmarc
852 _aNLR
_j59-1/630
942 _cBOOK
980 _aNB